| 000 | 01579cam a22003855i 4500 | ||
|---|---|---|---|
| 003 | EG-ScBUE | ||
| 005 | 20230103121837.0 | ||
| 008 | 150819s1991 enka f b 000 0 eng d | ||
| 020 | _a1845331273 | ||
| 020 | _a9781845331276 | ||
| 035 | _a(CStRLIN)NYFA06-B687 | ||
| 040 |
_aEG-ScBUE _beng _erda _cEG-ScBUE _dEG-ScBUE |
||
| 082 | 0 | 4 |
_a728 _bELE _222 |
| 245 | 0 | 4 |
_aThe elements of style : _ban encyclopedia of domestic architectural detail / _cgeneral editor, Stephen Calloway ; consultant editor, Elizabeth Cromley. |
| 250 |
_aNew edition, _brevised and updated. |
||
| 264 | 1 |
_aLondon : _bMitchell Beazley, _c1991. |
|
| 300 |
_a592 pages : _billustrations (some color) ; _c28 cm |
||
| 336 |
_2rdacontent _atext _btxt |
||
| 337 |
_2rdamedia _aunmediated _bn |
||
| 338 |
_2rdacarrier _avolume _bnc |
||
| 504 | _aIncludes bibliographical references. | ||
| 590 | _amustafa galal. | ||
| 650 | 7 |
_aInterior architecture. _2BUEsh |
|
| 650 | 7 |
_aArchitecture _xDetails. _2BUEsh _926368 |
|
| 650 | 7 |
_aArchitecture, Domestic _zGreat Britain. _2BUEsh |
|
| 653 |
_bENGARC _cAugust2015 |
||
| 655 | _vReading book | ||
| 700 | 1 |
_aCalloway, Stephen, _eeditor. |
|
| 700 | 1 |
_aCromley, Elizabeth C., _eeditor. |
|
| 700 | 1 |
_aPowers, Alan, _d1955- _eEDITOR |
|
| 856 | 4 | 2 |
_3Contributor biographical information _uhttp://www.loc.gov/catdir/enhancements/fy0664/2006276161-b.html |
| 856 | 4 | 2 |
_3Publisher description _uhttp://www.loc.gov/catdir/enhancements/fy0664/2006276161-d.html |
| 856 | 4 | 2 |
_3Table of contents only _uhttp://www.loc.gov/catdir/enhancements/fy0664/2006276161-t.html |
| 942 |
_cBB _2ddc |
||
| 999 |
_c8111 _d8111 |
||